| 000 | 00636nam a2200217Ia 4500 | ||
|---|---|---|---|
| 005 | 20260429111933.0 | ||
| 008 | 260429s9999||||xx |||||||||||||| ||und|| | ||
| 020 | _a9789356516311 | ||
| 041 | _aEnglish | ||
| 082 |
_a378.54 _bCHO |
||
| 100 | _aChourasia, H K | ||
| 245 | 0 |
_aNEP 2020 : _ba way ahead for higher education system in India / _cH K Chourasia |
|
| 250 | _a1st ed. | ||
| 260 |
_aNew Delhi : _bNarendra Publishing House, _c2024. |
||
| 300 | _axi, 268 p.; hb | ||
| 650 | _a Educational reform | ||
| 650 | _a National Education Policy 2020 | ||
| 650 | _aHigher education-India | ||
| 700 | _a Anand, Abha | ||
| 942 | _cTB | ||
| 999 |
_c51517 _d51517 |
||